书目信息 |
| 题名: |
松弦馆琴谱
|
|
| 作者: | 严澂 撰 | |
| 分册: | ||
| 出版信息: | 北京 中国书店 2018 |
|
| 页数: | 228页 | |
| 开本: | 27cm | |
| 丛书名: | ||
| 单 册: | ||
| 中图分类: | J648.31 | |
| 科图分类: | ||
| 主题词: | 古琴--乐谱--中国--明代 | |
| 电子资源: | ||
| ISBN: | 978-7-5149-1884-7 | |
| 000 | 00749nam0 2200253 450 | |
| 001 | 012001012147 | |
| 005 | 20140103182914.0 | |
| 010 | @a978-7-5149-1884-7@dCNY58.00 | |
| 100 | @a20181129e2018 em y0chiy50 ea | |
| 101 | 0 | @achi |
| 102 | @aCN@b110000 | |
| 105 | @ay z 000yy | |
| 106 | @ar | |
| 200 | 1 | @a松弦馆琴谱@9song xian guan qin pu@f(明)严澂撰 |
| 205 | @a[影印本] | |
| 210 | @a北京@c中国书店@d2018 | |
| 215 | @a228页@d27cm | |
| 300 | @a钦定四库全书·子部 四库全书·艺术类 | |
| 330 | @a本书是一本虞山派琴谱,收二十八曲,为《四库全书》所收唯一明代琴谱。 | |
| 606 | 0 | @a古琴@x乐谱@y中国@z明代 |
| 690 | @aJ648.31@v5 | |
| 701 | 0 | @c(明)@a严澂@9yan cheng@4撰 |
| 801 | 0 | @aCN@b上海新华@c20191020 |
| 905 | @b1139515-8@dJ648.31@e233@f4 | |
| 松弦馆琴谱/(明)严澂撰.-[影印本].-北京:中国书店,2018 |
| 228页;27cm |
| 钦定四库全书·子部 四库全书·艺术类 |
| ISBN 978-7-5149-1884-7:CNY58.00 |
| 本书是一本虞山派琴谱,收二十八曲,为《四库全书》所收唯一明代琴谱。 |
| ● |
| 相关链接 |
|
|
|
|
正题名:松弦馆琴谱
索取号:J648.31/233
 
预约/预借
| 序号 | 登录号 | 条形码 | 馆藏地/架位号 | 状态 | 备注 |
| 1 | 1139515 | 211395159 | 第一样本阅览室/ [索取号:J648.31/233] | 在馆 | |
| 2 | 1139516 | 211395168 | 第一借阅区/ [索取号:J648.31/233] | 在馆 | |
| 3 | 1139517 | 211395177 | 第一借阅区/ [索取号:J648.31/233] | 在馆 | |
| 4 | 1139518 | 211395186 | 第一借阅区/ [索取号:J648.31/233] | 在馆 |